00255nam a2200109Ia 4500008004100000050001500041245001700056260002800073260000900101300001600110999001900126160319s9999 xx 000 0 und d bM357i 2001 aIbong Adarna bJ.C Palabay Enterprises c2001 a232 pages : c292306d292306